Statistics for Guess the 1970's Artists

Click here to take the quiz!

General Stats

  • This quiz has been taken 206 times
  • The average score is 57 of 100

Answer Stats

HintAnswer% Correct
Hotel California (1976)Eagles
96%
Bohemian Rhapsody (1975)Queen
94%
Stayin' Alive (1977)Bee Gees
93%
Crocodile Rock (1973)Elton John
93%
Imagine (1971)John Lennon
92%
Stairway to Heaven (1971)Led Zeppelin
92%
Dancing Queen (1976)ABBA
91%
Piano Man (1973)Billy Joel
90%
Highway to Hell (1979)AC/DC
89%
Roxanne (1978)The Police
88%
You're So Vain (1972)Carly Simon
87%
Jolene (1974)Dolly Parton
86%
Bridge Over Troubled Water (1970)Simon & Garfunkel
82%
Born to Run (1975)Bruce Springsteen
81%
Take Me Home Country Roads (1971)John Denver
81%
Superstition (1976)Stevie Wonder
81%
Smoke on the Water (1972)Deep Purple
76%
Wish You Were Here (1975)Pink Floyd
75%
London Calling (1979)The Clash
75%
Dream On (1973)Aerosmith
74%
Band on the Run (1973)The Wings
74%
Heroes (1977)David Bowie
73%
American Pie (1972)Don McLean
73%
Free Bird (1973)Lynyrd Skynyrd
73%
What's Going On (1971)Marvin Gaye
73%
Beast of Burden (1978)The Rolling Stones
73%
Anarchy in the U.K. (1977)The Sex Pistols
73%
The Chain (1977)Fleetwood Mac
72%
Iron Man (1970)Black Sabbath
71%
Baba O'Riley (1971)The Who
71%
September (1978)Earth Wind & Fire
70%
Maggie May (1971)Rod Stewart
70%
Mr. Blue Sky (1977)Electric Light Orchestra
68%
I Shot the Sheriff (1974)Eric Clapton
68%
My Sweet Lord (1970)George Harrison
68%
Rock and Roll All Nite (1979)KISS
67%
Rock With You (1979)Michael Jackson
67%
More Than a Feeling (1976)Boston
66%
A Horse With No Name (1972)America
64%
Knockin' on Heaven's Door (1973)Bob Dylan
64%
Psycho Killer (1977)Talking Heads
64%
Don't Fear the Reaper (1976)Blue Oyster Cult
63%
Three Little Birds (1977)Bob Marley & the Wailers
63%
Have You Ever Seen the Rain (1970)Creedence Clearwater Revival
62%
Lola (1970)The Kinks
62%
Barracuda (1977)Heart
61%
Hot Stuff (1979)Donna Summer
60%
Black Magic Woman (1970)Santana
60%
Big Yellow Taxi (1970)Joni Mitchell
59%
Me and Bobby McGee (1971)Janis Joplin
58%
The Joker (1973)Steve Miller Band
58%
I Want to Be Sedated (1978)Ramones
57%
The Gambler (1978)Kenny Rogers
56%
Gypsy, Tramps & Thieves (1971)Cher
54%
Heart of Gold (1972)Neil Young
54%
Burning Love (1972)Elvis Presley
53%
Cold as Ice (1977)Foreigner
53%
(They Long to Be) Close to You (1970)The Carpenters
52%
Mandy (1975)Barry Manilow
51%
Killing Me Softly With His Song (1973)Roberta Flack
51%
Baker Street (1978)Gerry Rafferty
49%
Midnight Train to Georgia (1973)Gladys Knight & the Pips
49%
If You Leave Me Now (1976)Chicago
48%
Wheel in the Sky (1978)Journey
47%
Old Time Rock & Roll (1978)Bob Seger & the Silver Bullet Band
46%
Just What I Needed (1978)The Cars
45%
Moondance (1970)Van Morrison
45%
Joy to the World (1970)Three Dog Night
44%
Family Affair (1971)Sly & the Family Stone
43%
American Woman (1970)The Guess Who
43%
Give a Little Bit (1977)Supertramp
42%
Listen to the Music (1972)The Doobie Brothers
42%
American Girl (1976)Tom Petty & the Heartbreakers
42%
Roundabout (1971)Yes
42%
Let's Stay Together (1972)Al Green
41%
That's the Way I Like it (1975)KC & the Sunshine Band
41%
Because the Night (1978)Patti Smith
40%
Short People (1977)Randy Newman
40%
Photograph (1973)Ringo Starr
40%
Wild World (1970)Yusuf / Cat Stevens
40%
All Right Now (1970)Free
38%
Running on Empty (1977)Jackson Browne
38%
Paradise By The Dashboard Light (1977)Meat Loaf
38%
Werewolves of London (1978)Warren Zevon
38%
The Passenger (1977)Iggy Pop & the Stooges
34%
I Got a Name (1973)Jim Croce
34%
Renegade (1978)Styx
33%
I Can See Clearly Now (1972)Johnny Nash
32%
Peg (1977)Steely Dan
32%
Feel Like Makin' Love (1975)Bad Company
31%
We're an American Band (1973)Grand Funk Railroad
31%
Oh! Sweet Nuthin' (1970)The Velvet Underground
31%
Pump It Up (1978)Elvis Costello & the Attractions
30%
The Air That I Breathe (1974)The Hollies
29%
Closer To The Heart (1977)Rush
27%
Superfly (1972)Curtis Mayfield
21%
Friend of the Devil (1970)Grateful Dead
21%
Flash Light (1977)Parliament Funkadelic
14%
Marquee Moon (1977)Television
14%
Personality Crisis (1973)New York Dolls
11%

Score Distribution

Percentile by Number Answered

Percent of People with Each Score

Your Score History

You have not taken this quiz